00000000nam 2200000za 4500
0019.813309
003CaOODSP
00520200330193241
007ta
008160318s2016    onc    #     f000 0 eng d
020 |a978-0-660-04923-6
040 |aCaOODSP|beng
043 |an-cn---
0861 |aFA1-2016/1-4E
1101 |aCanada. |bOffice of the Auditor General.
24510|aDrug benefits - Veterans Affairs Canada.
260 |a[Ottawa] : |bOffice of the Auditor General of Canada, |cc2016.
300 |aiii, 21 p. ; |c28 cm.
4901 |aReports of the Auditor General of Canada, |x0821-8110 ; |vSpring 2016, report 4
500 |aIssued also in French under title: Les prestations pharmaceutiques - Anciens Combattants Canada.
520 |a"This audit focused on whether Veterans Affairs Canada managed the drug component of its Health Care Benefits Program to contribute to the health of its veteran population by providing coverage for drugs based on evidence, using cost-effectiveness strategies, and monitoring the utilization of drugs covered."--Focus of the audit.
69207|2gccst|aVeterans
69207|2gccst|aBenefits
69207|2gccst|aPrescription drugs
69207|2gccst|aAudit
77508|tLes prestations pharmaceutiques - Anciens Combattants Canada.|w(CaOODSP)9.813355
7760#|tDrug benefits - Veterans Affairs Canada |w(CaOODSP)9.813244
830#0|aReports of the Auditor General of Canada,|x0821-8110 ; |vSpring 2016, report 4.|w(CaOODSP)9.833839